| 000 | 00797nam a2200253 i 4500 | ||
|---|---|---|---|
| 001 | 16681 | ||
| 003 | ES-MaACL | ||
| 005 | 20251120144407.0 | ||
| 007 | t| | ||
| 008 | 001025s2000 sp |||| | spa d | ||
| 020 | _a84-397-0573-5 | ||
| 080 | _a821.111(73)-32"18" | ||
| 100 | 1 |
_aMelville, Herman. _980033 |
|
| 245 | 1 | 0 |
_aBartleby, el escribiente / _cHerman Melville ; [traducción, Jorge Luis Borges ; con una carta de Lázaro Covadlo]. |
| 250 | _a1ª ed. | ||
| 260 |
_aBarcelona : _bMondadori, _c2000. |
||
| 300 |
_a95 p. ; _c26 cm. |
||
| 490 | 1 | _aPerfiles, letra grande XL | |
| 700 | 1 |
_aBorges, Jorge Luis, _d1899-1986 _9242526 |
|
| 700 | 1 |
_aCovadlo, Lázaro. _941346 |
|
| 830 | 0 |
_aPerfiles, letra grande XL _9180018 |
|
| 852 |
_aES-MaACL _jL-23900 |
||
| 999 |
_c16681 _d16681 |
||